Konkani saraspaticho itihas. (Record no. 104909)
[ view plain ]
| 000 -LEADER | |
|---|---|
| fixed length control field | 00401nam a2200145Ia 4500 |
| 008 - FIXED-LENGTH DATA ELEMENTS--GENERAL INFORMATION | |
| fixed length control field | 210210b1996 xxu||||| |||| 00| 0 eng d |
| 082 ## - DEWEY DECIMAL CLASSIFICATION NUMBER | |
| Classification number | 891.469 GOMK |
| 100 ## - MAIN ENTRY--PERSONAL NAME | |
| Personal name | GOMES (Olivinho J F). |
| 245 ## - TITLE STATEMENT | |
| Title | Konkani saraspaticho itihas. |
| 260 ## - PUBLICATION, DISTRIBUTION, ETC. | |
| Place of publication, distribution, etc. | Goya. |
| Name of publisher, distributor, etc. | Konkani Saraspat Prakashan., |
| Date of publication, distribution, etc. | 1996 |
| 300 ## - PHYSICAL DESCRIPTION | |
| Extent | 144 |
| 650 ## - SUBJECT ADDED ENTRY--TOPICAL TERM | |
| Topical term or geographic name entry element | Konkani Literature History<br/><br/> |
| 690 ## - LOCAL SUBJECT ADDED ENTRY--TOPICAL TERM (OCLC, RLIN) | |
| Topical term or geographic name as entry element | Konkani Criticism |
| 906 ## - LOCAL DATA ELEMENT F, LDF (RLIN) | |
| a | 057527 |
| Withdrawn status | Lost status | Damaged status | Not for loan | Collection code | Home library | Current library | Shelving location | Date acquired | Source of acquisition | Cost, normal purchase price | Total Checkouts | Full call number | Barcode | Date last seen | Price effective from | Koha item type |
|---|---|---|---|---|---|---|---|---|---|---|---|---|---|---|---|---|
| St Aloysius Library | St Aloysius Library | 02/17/2021 | Institute of Konkani, SAC Mangalore. | 70.00 | 891.469 GOMK | 057527 | 02/17/2021 | 02/17/2021 | Book |